<?xml version="1.0" encoding="UTF-8"?>
<record
    xmlns:xsi="http://www.w3.org/2001/XMLSchema-instance"
    xsi:schemaLocation="http://www.loc.gov/MARC21/slim http://www.loc.gov/standards/marcxml/schema/MARC21slim.xsd"
    xmlns="http://www.loc.gov/MARC21/slim">

  <leader>01098nam0a2200301   4500</leader>
  <controlfield tag="001">RU\NLR\BIBL_A\022628452</controlfield>
  <controlfield tag="005">20260420053813.0</controlfield>
  <datafield tag="010" ind1=" " ind2=" ">
    <subfield code="a">978-5-9613-0693-4</subfield>
    <subfield code="9">100</subfield>
  </datafield>
  <datafield tag="021" ind1=" " ind2=" ">
    <subfield code="a">RU</subfield>
    <subfield code="b">&#x41A;&#x41D;-&#x41F;-25-031078</subfield>
    <subfield code="9">&#x41A;&#x41D;-&#x41F;-25-3071</subfield>
  </datafield>
  <datafield tag="035" ind1=" " ind2=" ">
    <subfield code="a">(NLR Aleph) 022628452</subfield>
  </datafield>
  <datafield tag="090" ind1=" " ind2=" ">
    <subfield code="a">13684634</subfield>
    <subfield code="c">13684634</subfield>
  </datafield>
  <datafield tag="100" ind1=" " ind2=" ">
    <subfield code="a">20250923d2021    m  y0rusy50      ca</subfield>
  </datafield>
  <datafield tag="101" ind1="0" ind2=" ">
    <subfield code="a">bak</subfield>
  </datafield>
  <datafield tag="102" ind1=" " ind2=" ">
    <subfield code="a">RU</subfield>
  </datafield>
  <datafield tag="105" ind1=" " ind2=" ">
    <subfield code="a">a   z   000 y</subfield>
  </datafield>
  <datafield tag="181" ind1=" " ind2="0">
    <subfield code="a">i </subfield>
    <subfield code="b">axxe  </subfield>
  </datafield>
  <datafield tag="182" ind1=" " ind2="0">
    <subfield code="a">n</subfield>
  </datafield>
  <datafield tag="200" ind1="1" ind2=" ">
    <subfield code="a">&#x4D8;&#x441;&#x4D9;&#x439; &#x431;&#x443;&#x43B; &#x434;&#x430; &#x4A1;&#x443;&#x439;</subfield>
    <subfield code="e">[&#x445;&#x438;&#x43A;&#x4D9;&#x439;&#x4D9;&#x43B;&#x4D9;&#x440;]</subfield>
    <subfield code="f">&#x413;&#x4E9;&#x43B;&#x43D;&#x430;&#x437; &#x41D;&#x430;&#x444;&#x438;&#x4A1;&#x43E;&#x432;&#x430;-&#x492;&#x4D9;&#x431;&#x438;&#x442;&#x43E;&#x432;&#x430;</subfield>
  </datafield>
  <datafield tag="203" ind1=" " ind2=" ">
    <subfield code="a">&#x422;&#x435;&#x43A;&#x441;&#x442;</subfield>
    <subfield code="b">&#x432;&#x438;&#x437;&#x443;&#x430;&#x43B;&#x44C;&#x43D;&#x44B;&#x439;</subfield>
    <subfield code="c">&#x43D;&#x435;&#x43F;&#x43E;&#x441;&#x440;&#x435;&#x434;&#x441;&#x442;&#x432;&#x435;&#x43D;&#x43D;&#x44B;&#x439;</subfield>
  </datafield>
  <datafield tag="210" ind1=" " ind2=" ">
    <subfield code="a">&#x4E8;&#x444;&#x4E9;</subfield>
    <subfield code="c">&#x41A;&#x438;&#x442;&#x430;&#x43F;</subfield>
    <subfield code="d">2021</subfield>
  </datafield>
  <datafield tag="215" ind1=" " ind2=" ">
    <subfield code="a">98,[1] &#x431;.</subfield>
    <subfield code="c">&#x438;&#x43B;.</subfield>
    <subfield code="d">21</subfield>
  </datafield>
  <datafield tag="541" ind1="1" ind2=" ">
    <subfield code="6">z01790</subfield>
    <subfield code="a">[&#x411;&#x443;&#x434;&#x44C; &#x43D;&#x430;&#x43C; &#x43C;&#x430;&#x43C;&#x43E;&#x439;</subfield>
    <subfield code="e">&#x440;&#x430;&#x441;&#x441;&#x43A;&#x430;&#x437;&#x44B;].</subfield>
    <subfield code="z">rus</subfield>
  </datafield>
  <datafield tag="686" ind1="1" ind2=" ">
    <subfield code="a">&#x428;6(2=&#x411;&#x430;&#x448;)7-4</subfield>
  </datafield>
  <datafield tag="700" ind1=" " ind2="1">
    <subfield code="a">&#x41D;&#x430;&#x444;&#x438;&#x4A1;&#x43E;&#x432;&#x430;-&#x492;&#x4D9;&#x431;&#x438;&#x442;&#x43E;&#x432;&#x430;</subfield>
    <subfield code="b">&#x413;. &#x41A;. &#x4A1;&#x44B;&#x499;&#x44B;</subfield>
    <subfield code="g">&#x413;&#x4E9;&#x43B;&#x43D;&#x430;&#x437; &#x41A;&#x430;&#x448;&#x444;&#x443;&#x43B;&#x43B;&#x430; &#x4A1;&#x44B;&#x499;&#x44B;</subfield>
    <subfield code="4">070</subfield>
  </datafield>
  <datafield tag="790" ind1=" " ind2="1">
    <subfield code="6">z01541</subfield>
    <subfield code="a">&#x41D;&#x430;&#x444;&#x438;&#x43A;&#x43E;&#x432;&#x430;-&#x413;&#x430;&#x431;&#x438;&#x442;&#x43E;&#x432;&#x430;</subfield>
    <subfield code="b">&#x413;. &#x41A;.</subfield>
    <subfield code="g">&#x413;&#x443;&#x43B;&#x44C;&#x43D;&#x430;&#x437; &#x41A;&#x430;&#x448;&#x444;&#x443;&#x43B;&#x43B;&#x43E;&#x432;&#x43D;&#x430;</subfield>
    <subfield code="4">070</subfield>
  </datafield>
  <datafield tag="942" ind1=" " ind2=" ">
    <subfield code="c">BOOK</subfield>
  </datafield>
  <datafield tag="980" ind1=" " ind2=" ">
    <subfield code="a">NB</subfield>
  </datafield>
</record>
